000 00975nam a2200241 i 4500
001 98498
003 ES-MaACL
005 20230906182310.0
007 t|
008 050923m19131919sp ||||1| spa d
080 _a914.60
100 1 _aRocafort, Ceferino.
_998020
245 1 0 _aEspaña regional /
_cdescripción por Ceferino Rocafort y Casimiro Dalmau ; cartas corográficas por el comandante de ingenieros Benito Chías y Carbó y otros facultativos.
250 _a2ª ed. corr.
260 _aBarcelona :
_bAlberto Martín,
_c[1913-1919]
300 _a4 v. :
_bil., map. col., plan. col. ;
_c39 cm.
500 _aFecha tomada de Palau, 271677. El epílogo del vol. 2 está fechado en 1918.
505 8 _aContiene: v. 1: Texto, primera parte -- v. 2: Texto, segunda parte -- v. 3: Planos -- v. 4: Mapas
651 4 _aEspaña-
_xGeografía.
_98200
700 1 _aDalmau, Casimiro.
_942510
700 1 _aChias y Carbó, Benito.
_938472
852 _aES-MaACL
_jR-3295-8
999 _c98498
_d98498